Supa Strikas TEST - Statistics

General Stats
  • This quiz has been taken 341 times
  • The average score is 8 of 33
Answer Stats
Team Position Player % Correct
Invincible Utd ST Skarra
81%
Supa Strikas ST El Matador
79%
FC Barka(C) ST Riano
65%
Iron Thanks(C) CB/CDM Uber
58%
Supa Strikas ST Shakes
56%
FC Hydra ST Liquido
52%
FC Azul(C) GK De Los Santos
49%
Club Palmantieri(C) ST Don Aldo
47%
FC Nakama(C) ST Miko Chen
45%
Club Orion(C) ST Meda
35%
FC Cosmos(C) ST Ninja
35%
Iron Thanks ST/CF Thor
33%
Invincible Utd CB/CDM Dingaan
30%
Supa Strikas(C) CM/CDM Dancing Rasta
25%
Invincible Utd(C) CAM/CM Dooma
20%
FC Grimm(C) CDM/CM/CAM Savich
14%
FC Cosmos CB Bolo
12%
FC Hydra(C) CM Skipper
9%
FC Sultans ST Amal
8%
FC Technicaly ST Chiperson
8%
FC Technicaly CM Johnson Jr
5%
FC Sultans(C) ST Zahir
5%
Collosuss CM/CDM Hermes
4%
Sa Ming Utd ST Sa Ma Wee
4%
FC Grimm CM/CAM/CF Bones Jones
3%
FC Nakama CB Keita
3%
FC Cognito CM/CDM/CAM Pass
3%
FC Barka CM Enrique
2%
FC Cognito ST Judge
2%
FC Azul CB Leonardo
2%
Club Palmantieri CAM/CM/PP Melo
1%
Collosuss ST Persesus
1%
Club Orion ST Leavy Greach
0%
No matching quizzes found
Score Distribution
Percent of People with Each Score
Percentile by Number Answered
Your Score History
You have not taken this quiz